000 00637nam a2200217 a 4500
999 _c3284
_d3284
001 3284
003 BD-JhCC
005 20201209134020.0
008 171112s1972 bg |||| ||a| 000 0 ben d
035 _a(BD-JhCC) 3284
040 _aBD-JhCC
_dBD-JhCC
041 _aben
082 _a891.443
_bUDD 1972
100 _aউদ্দীন, জসীম
245 _aযে দেশে মানুষ বড় /
_c জসীম উদ্দীন
260 _aঢাকা :
_bপলাশ প্রকাশনী ,
_c1972
300 _a135 p .:
_c22 cm .
650 _aBengali Short Stories
942 _2ddc
_cBK
_02